Wirkung des borsauren Natriums auf die praktisch
Elmentve itt :
| Szerző: | |
|---|---|
| Dokumentumtípus: | Cikk |
| Megjelent: |
1937
|
| Sorozat: | Kolligátum
|
| Kulcsszavak: | Bőrgyógyászat |
| Online Access: | http://misc.bibl.u-szeged.hu/24936 |
| LEADER | 00543nab a2200169 i 4500 | ||
|---|---|---|---|
| 001 | misc24936 | ||
| 005 | 20191108150254.0 | ||
| 008 | 170929s1937 hu o 0|| zxx d | ||
| 040 | |a SZTE Miscellanea Repozitórium |b hun | ||
| 041 | |a zxx | ||
| 100 | 1 | |a Dósa András | |
| 245 | 1 | 0 | |a Wirkung des borsauren Natriums auf die praktisch |h [elektronikus dokumentum] / |c Dósa András |
| 260 | |c 1937 | ||
| 300 | |a 261-264 | ||
| 490 | 0 | |a Kolligátum | |
| 695 | |a Bőrgyógyászat | ||
| 856 | 4 | 0 | |u http://misc.bibl.u-szeged.hu/24936/1/014_002_261-264.pdf |z Dokumentum-elérés |